Dostupné bydlení?

Ceny nehnuteľností rastú, nájmy dosahujú rekordné výšky a pre mnohých sa vidina vlastného bývania vzďaľuje. Dostupné bývanie sa stáva kľúčovou témou súčasnosti, pričom zaistiť ho pre každého sa zdá byť dnes už nereálne. Aká je teda aktuálna situácia na trhu?

Na minha lista:
Detalhes bibliográficos
Autor principal: Sobková, Martina
Formato: Capítulo de Livro
Idioma:tcheco
Assuntos:
Tags: Adicionar Tag
Sem tags, seja o primeiro a adicionar uma tag!

MARC

LEADER 00000naa a2200000 4500
001 0312219
005 20250912124251.1
041 0 |a cze 
044 |a CZ 
245 1 0 |a Dostupné bydlení?  |c Martina Sobková 
520 |a Ceny nehnuteľností rastú, nájmy dosahujú rekordné výšky a pre mnohých sa vidina vlastného bývania vzďaľuje. Dostupné bývanie sa stáva kľúčovou témou súčasnosti, pričom zaistiť ho pre každého sa zdá byť dnes už nereálne. Aká je teda aktuálna situácia na trhu? 
610 2 0 |a bývanie 
610 2 0 |a nehnuteľnosti 
610 2 0 |a trh realitný 
610 2 0 |a Česko 
100 1 |a Sobková, Martina